Stanovenie hraničnej hodnoty vyváženia držiakov brúsnych kotúčov pri výdaji do výroby

Guardado en:
Detalles Bibliográficos
Autor principal: Václav, Michal (Autor)
Otros Autores: Görög, Augustín (Orientador)
Formato: Manuscrito Libro
Lenguaje:eslovaco
Publicado: 2019
Materias:
Acceso en línea:http://is.stuba.sk/zp/portal_zp.pl?podrobnosti=143559
Etiquetas: Agregar Etiqueta
Sin Etiquetas, Sea el primero en etiquetar este registro!

MARC

LEADER 00000ntm a22000003a 4500
001 stuzp72962
003 SK-STU
005 20190615212213.7
007 ta
008 150427s2015----xo-----f-mn---000-0-slo-d
040 |a STU  |b slo 
041 0 |a slo 
100 1 |a Václav, Michal  |u 063000  |k Z4  |4 aut  |U MTF Materiálovotechnologická fakulta  |T MTF Ústav výrobných technológií  |X 73303  |U M3000  |Y 83  |7 73303 
242 0 1 |a Determination of the limit value of the balance of the grinding wheels holders at the expenditure of production  |y eng 
245 1 0 |a Stanovenie hraničnej hodnoty vyváženia držiakov brúsnych kotúčov pri výdaji do výroby 
260 |c 2019 
650 4 |a vibrácie  |2 slo 
650 4 |a vibrodiagnostika  |2 slo 
650 4 |a vyvažovanie  |2 slo 
650 4 |a nevyváženosť  |2 slo 
650 4 |a vibration  |2 eng 
650 4 |a vibration diagnostics  |2 eng 
650 4 |a balancing  |2 eng 
650 4 |a unbalance  |2 eng 
700 1 |a Görög, Augustín  |u 063200  |k Z1  |4 ths  |U MTF Ústav výrobných technológií  |T MTF Katedra obrábania a počítačovej podpory technológií  |X 4179  |U M3200  |Y 164  |7 A000004179 
856 4 |u http://is.stuba.sk/zp/portal_zp.pl?podrobnosti=143559 
996 |c M* DP-14000  |l MMSKP  |s P  |a 0  |w stuzp72962_0001